| 000 | 01781cam a22004697a 4500 | ||
|---|---|---|---|
| 001 | 000094971 | ||
| 003 | CHAP | ||
| 005 | 20220329143051.0 | ||
| 008 | 051128d2005 mx ad r 00110 spa d | ||
| 010 | _a91437 | ||
| 011 | _a92409 | ||
| 035 | _a102973 | ||
| 040 | _cCHAP | ||
| 090 | _aTesis | ||
| 100 | 0 | 0 |
_aPelayo Sánchez, Leonardo. _986607 |
| 245 | 1 | 0 |
_aAplicación de aditivos enraizadores y fertilizadores en la producción de lechuga (Lactuca sativa L. var. capitata), en Chapingo, Méx. / _c/por Leonardo Pelayo Sánchez. |
| 260 |
_aChapingo, Méx. : _bEl autor, _c2005. |
||
| 300 |
_a62 h. : _bilus. ; gráfs. ; cuadros. |
||
| 502 | _aTesis (Ing. Agr. Esp. en Fitotecnia) -- UACH. Departamento de Fitotecnia | ||
| 590 |
_aALEPH _b10 _c20130110 _lUCH01 _h1508 |
||
| 590 |
_aBATCH-UPD _b10 _c20130110 _lUCH01 _h0520 |
||
| 590 |
_aBATCH-UPD _b10 _c20130410 _lUCH01 _h0159 |
||
| 590 |
_aBATCH-UPD _b10 _c20130914 _lUCH01 _h1309 |
||
| 590 |
_aBATCH-UPD _b10 _c20140324 _lUCH01 _h1453 |
||
| 590 |
_aBATCH-UPD _b10 _c20141002 _lUCH01 _h0827 |
||
| 590 |
_aCONVERSION _b10 _c20130109 _lUCH01 _h1351 |
||
| 590 |
_aE792CSJ _b10 _c20130618 _lUCH01 _h0950 |
||
| 650 | 1 | 4 |
_aEnraizamiento. _937013 |
| 650 | 1 | 4 |
_aFertilizantes _xEfecto en lechuga. _940520 |
| 650 | 1 | 4 |
_aFertirrigación. _940652 |
| 650 | 1 | 4 |
_aLechuga _xCrecimiento. _965456 |
| 650 | 1 | 4 |
_aLechuga _xRendimiento. _965476 |
| 650 | 1 | 4 |
_aLechuga _zMéxico (Edo.). _965480 |
| 650 | 1 | 4 |
_aPlantas _xNutrición. _988874 |
| 856 |
_3Finding aid _uhttp://10.13.5.2/tesis/102973.pdf _zTeclea aquí |
||
| 901 | _aBK | ||
| 905 | _aMarco A. Mendoza T. | ||
| 942 | _cCD | ||
| 942 | _n0 | ||
| 949 |
_aTesis _bBC _cTES _d1029731 _eTS1 _gDonaciØn _h44437 _i102973 _sb |
||
| 949 |
_aTesis _bBC _cTES _d33724000967345 _eTS2 _fc.2 _gDonaciØn _h44438 _i102973 _si |
||
| 999 |
_c91437 _d91437 |
||